000 00283nam a22001337a 4500
008 180927b xxu||||| |||| 00| 0 eng d
020 _a0712644457
041 _aeng
080 _a617
100 _a5
101 _akir
245 _aSurgery Of Spine
_cRathke.SCH
942 _2udc
_cBK
999 _c48629
_d48629